000 01395nam a22002657a 4500
005 20121010141910.0
008 121010t xxu||||| |||| 00| 0 mar d
010 _aMAR-22889
020 _c240.00
_a9788184984385
035 _aMR-15547
037 _bDBAD/PUB
040 _aDPL
_bMR
082 _a823
100 _953016
_aहार्डिंग, जॉर्जिना
245 _aहेरगिरीचा पोरखेळ /
_cजॉर्जिना हार्डिंग ; उज्जवला गोखले द्वारा अनुवादित
246 _aHergiricha Porkhel
_bby Georgina Harding
260 _aपुणे
_bमेहता पब्लिशिंग हाऊस
_c2012
270 _bपुणे
_a1941,सदाशिव पेठ,माडीवाले कॉलनी,
_e411030
300 _a230पृ
_c21सेमी(अजिल्द)
650 _aअँग्रेजी कादंबरी
_xमराठी भाषा में अनुवादित
_954476
650 _aEnglish Fiction
_xTranslated Into Marathi
_954477
700 _aकुंडेटकर, वंदना
_954465
942 _2ddc
_cMR
_mहार्डिंग
_h823
999 _c72359
_d72359